[Event "Millionaire Chess Open"]
[Site "Las Vegas"]
[Date "2015.10.10"]
[Round "5.3"]
[White "Stukopin, Andrey"]
[Black "Nakamura, Hikaru"]
[Result "0-1"]
[BlackElo "2814"]
[WhiteElo "2587"]
[LiveChessVersion "1.4.6"]

1. e4 {[%clk 1:57:18]} e6 {[%clk 1:56:15]} 2. d4 {[%clk 1:57:17]} d5
{[%clk 1:56:15]} 3. Nc3 {[%clk 1:57:13]} Nf6 {[%clk 1:56:15]} 4. Bg5
{[%clk 1:57:03]} Bb4 {[%clk 1:56:15]} 5. e5 {[%clk 1:56:56]} h6 {[%clk 1:56:15]}
6. Bh4 {[%clk 1:56:53]} g5 {[%clk 1:56:15]} 7. Bg3 {[%clk 1:56:45]} Ne4
{[%clk 1:56:15]} 8. Nge2 {[%clk 1:56:39]} h5 {[%clk 1:56:15]} 9. f3
{[%clk 1:52:44]} Nxg3 {[%clk 1:56:14]} 10. hxg3 {[%clk 1:52:42]} Bd7
{[%clk 1:56:14]} 11. Qd2 {[%clk 1:47:17]} Be7 {[%clk 1:55:15]} 12. g4
{[%clk 1:41:02]} h4 {[%clk 1:55:06]} 13. g3 {[%clk 1:40:55]} c5 {[%clk 1:53:29]}
14. gxh4 {[%clk 1:40:44]} Nc6 {[%clk 1:50:45]} 15. Qe3 {[%clk 1:25:12]} Qb8
{[%clk 1:26:34]} 16. O-O-O {[%clk 1:17:38]} cxd4 {[%clk 1:26:16]} 17. Nxd4
{[%clk 1:17:37]} Qxe5 {[%clk 1:25:51]} 18. Qxe5 {[%clk 1:17:06]} Nxe5
{[%clk 1:25:50]} 19. h5 {[%clk 1:13:43]} a6 {[%clk 1:23:31]} 20. Bd3
{[%clk 1:10:05]} Bc5 {[%clk 1:11:30]} 21. Nce2 {[%clk 1:08:19]} O-O-O
{[%clk 1:11:25]} 22. c3 {[%clk 1:05:55]} Rdg8 {[%clk 1:08:00]} 23. Bc2
{[%clk 0:58:36]} Rh6 {[%clk 1:07:58]} 24. Rhe1 {[%clk 0:56:08]} Rf6
{[%clk 1:04:35]} 25. Ng1 {[%clk 0:56:01]} Nc6 {[%clk 1:00:26]} 26. Rf1
{[%clk 0:54:43]} Kc7 {[%clk 0:52:13]} 27. Kb1 {[%clk 0:48:52]} Ne5
{[%clk 0:50:36]} 28. a4 {[%clk 0:26:33]} Kd8 {[%clk 0:43:36]} 29. b3
{[%clk 0:24:58]} Ke7 {[%clk 0:41:30]} 30. Nge2 {[%clk 0:21:31]} b5
{[%clk 0:39:12]} 31. b4 {[%clk 0:15:42]} Bxd4 {[%clk 0:38:11]} 32. Nxd4
{[%clk 0:15:29]} bxa4 {[%clk 0:38:11]} 33. Rde1 {[%clk 0:10:52]} Kd6
{[%clk 0:37:17]} 34. Kb2 {[%clk 0:10:49]} Bb5 {[%clk 0:35:52]} 0-1

[Event "Millionaire Chess Open"]
[Site "Las Vegas"]
[Date "2015.10.11"]
[Round "6.14"]
[White "Indjic, Aleksandar"]
[Black "Salinas Herrera, Pablo"]
[Result "1-0"]
[BlackElo "2464"]
[WhiteElo "2558"]
[LiveChessVersion "1.4.6"]

1. d4 {[%clk 1:59:55]} Nf6 {[%clk 1:54:06]} 2. Nf3 {[%clk 1:48:45]} e6
{[%clk 1:53:45]} 3. c4 {[%clk 1:48:21]} d5 {[%clk 1:53:43]} 4. Bg5
{[%clk 1:48:20]} Nbd7 {[%clk 1:53:02]} 5. Nc3 {[%clk 1:48:16]} c6
{[%clk 1:53:02]} 6. e3 {[%clk 1:47:52]} Qa5 {[%clk 1:53:01]} 7. cxd5
{[%clk 1:45:00]} Nxd5 {[%clk 1:52:59]} 8. Qd2 {[%clk 1:44:59]} Bb4
{[%clk 1:52:12]} 9. Rc1 {[%clk 1:43:20]} h6 {[%clk 1:48:56]} 10. Bh4
{[%clk 1:43:17]} b6 {[%clk 1:48:25]} 11. a3 {[%clk 1:43:13]} Bxc3
{[%clk 1:43:23]} 12. bxc3 {[%clk 1:43:13]} N5f6 {[%clk 1:40:54]} 13. Bd3
{[%clk 1:42:32]} Ba6 {[%clk 1:40:27]} 14. c4 {[%clk 1:39:36]} Qxd2+
{[%clk 1:39:04]} 15. Nxd2 {[%clk 1:39:01]} c5 {[%clk 1:38:03]} 16. Nb3
{[%clk 1:31:21]} cxd4 {[%clk 1:32:23]} 17. exd4 {[%clk 1:31:13]} O-O
{[%clk 1:30:20]} 18. Kd2 {[%clk 1:30:11]} e5 {[%clk 1:28:44]} 19. Bg3
{[%clk 1:18:38]} exd4 {[%clk 1:28:02]} 20. c5 {[%clk 1:17:27]} Bxd3
{[%clk 1:24:11]} 21. Kxd3 {[%clk 1:17:11]} Nxc5+ {[%clk 1:18:55]} 22. Nxc5
{[%clk 1:15:32]} bxc5 {[%clk 1:18:55]} 23. Rxc5 {[%clk 1:15:31]} Rfe8
{[%clk 1:17:41]} 24. Rb1 {[%clk 1:14:26]} Re6 {[%clk 1:14:21]} 25. Rcb5
{[%clk 1:07:44]} Ne4 {[%clk 1:09:17]} 26. a4 {[%clk 0:52:52]} Rae8
{[%clk 0:55:01]} 27. R1b4 {[%clk 0:50:27]} R8e7 {[%clk 0:49:50]} 28. Rxd4
{[%clk 0:45:46]} g5 {[%clk 0:44:48]} 29. Rdd5 {[%clk 0:38:58]} Kh7
{[%clk 0:40:19]} 30. Rb2 {[%clk 0:38:54]} Kg6 {[%clk 0:35:47]} 31. Bb8
{[%clk 0:38:09]} f5 {[%clk 0:31:20]} 32. f3 {[%clk 0:36:23]} Nf6 {[%clk 0:28:17]}
33. Rd4 {[%clk 0:34:46]} Re3+ {[%clk 0:27:24]} 34. Kc4 {[%clk 0:34:44]} Ra3
{[%clk 0:23:20]} 35. Kb4 {[%clk 0:34:13]} Ra1 {[%clk 0:23:10]} 36. Ka5
{[%clk 0:34:09]} Nd7 {[%clk 0:21:24]} 37. Bxa7 {[%clk 0:26:52]} Ne5
{[%clk 0:19:20]} 38. Rb6+ {[%clk 0:26:51]} Kf7 {[%clk 0:19:20]} 39. Ka6
{[%clk 0:25:50]} Re6 {[%clk 0:16:18]} 40. Rxe6 {[%clk 0:18:31]} Kxe6
{[%clk 0:16:18]} 41. Kb7 {[%clk 0:18:29]} Nf7 {[%clk 0:13:34]} 42. Bb6
{[%clk 0:04:56]} Nd6+ {[%clk 0:11:10]} 43. Kc6 {[%clk 0:04:19]} Rc1+
{[%clk 0:10:21]} 44. Bc5 {[%clk 0:04:18]} Nb7 {[%clk 0:04:43]} 45. Kxb7
{[%clk 0:04:16]} Rxc5 {[%clk 0:04:43]} 46. Rd2 {[%clk 0:03:08]} Ra5
{[%clk 0:03:46]} 47. Ra2 {[%clk 0:03:04]} Kd6 {[%clk 0:03:45]} 48. Kb6
{[%clk 0:03:03]} Ra8 {[%clk 0:03:32]} 49. Rd2+ {[%clk 0:03:01]} f4 1-0

[Event "Millionaire Chess Open"]
[Site "Las Vegas"]
[Date "2015.10.11"]
[Round "6.16"]
[White "Xiong, Jeffery"]
[Black "Zapata, Alonso"]
[Result "1/2-1/2"]
[BlackElo "2445"]
[WhiteElo "2549"]
[LiveChessVersion "1.4.6"]

1. e4 {[%clk 1:53:41]} c5 {[%clk 1:59:53]} 2. Nf3 {[%clk 1:53:38]} e6
{[%clk 1:59:08]} 3. g3 {[%clk 1:53:34]} d5 {[%clk 1:56:34]} 4. exd5 exd5
{[%clk 1:56:33]} 5. d4 {[%clk 1:53:14]} Nc6 {[%clk 1:55:47]} 6. Bg2
{[%clk 1:53:14]} c4 {[%clk 1:50:14]} 7. O-O {[%clk 1:52:10]} Bd6 {[%clk 1:49:03]}
8. Nc3 {[%clk 1:39:35]} Nge7 {[%clk 1:42:28]} 9. Ne5 {[%clk 1:30:48]} O-O
{[%clk 1:33:09]} 10. Nxd5 {[%clk 1:23:50]} Nxd5 {[%clk 1:27:55]} 11. Bxd5
{[%clk 1:22:00]} Bxe5 {[%clk 1:27:29]} 12. dxe5 {[%clk 1:20:49]} Nxe5
{[%clk 1:27:29]} 13. Bg2 {[%clk 1:00:23]} Qxd1 {[%clk 1:16:30]} 14. Rxd1
{[%clk 0:59:20]} Bg4 {[%clk 1:15:44]} 15. Rd4 {[%clk 0:55:51]} Rfd8
{[%clk 1:05:54]} 16. Rxd8+ {[%clk 0:53:53]} Rxd8 {[%clk 1:05:45]} 17. Be3
{[%clk 0:53:51]} b6 {[%clk 1:01:29]} 18. h3 {[%clk 0:49:20]} Bf3 {[%clk 0:55:00]}
19. Bf1 {[%clk 0:42:11]} Bb7 {[%clk 0:39:57]} 20. Be2 {[%clk 0:37:10]} Nf3+
{[%clk 0:35:15]} 21. Kf1 Ra8 22. Kg1 Rd8+ 23. Kf1 {[%clk 0:36:37]} Nh2+
{[%clk 0:35:15]} 24. Kg1 {[%clk 0:36:34]} Nf3+ {[%clk 0:35:15]} 25. Kf1
{[%clk 0:36:34]} Nh2+ {[%clk 0:35:11]} 26. Kg1 {[%clk 0:36:34]} Nf3+
{[%clk 0:34:33]} 27. Kf1 {[%clk 0:36:34]} 1/2-1/2